[Event "12. Nordic Cup"]
[Site "Aabybro "]
[Date "1989.10.??"]
[Round "1.1"]
[White "Mortensen, Erling "]
[Black "Kristensen, Leif "]
[Result "1-0"]
[WhiteElo "2475"]
[BlackElo "2290"]
[PlyCount "70"]
[EventDate "1989.10.15"]
[EventType "team"]
[EventCountry "DEN"]
[WhiteTeam "Danmark"]
[BlackTeam "Frerne"]
[WhiteTeamCountry "DEN"]
[BlackTeamCountry "FAI"]

1. e4 c6 2. c4 d5 3. exd5 cxd5 4. d4 Nf6 5. Nc3 g6 6. Qb3 Bg7 7. cxd5 O-O 8.
Be2 Nbd7 9. Bg5 Nb6 10. Bf3 Bg4 11. Bxf6 Bxf3 12. Nxf3 exf6 13. O-O Qd7 14.
Rfe1 Rfd8 15. Nd2 f5 16. Nf3 Qd6 17. Re2 Bf6 18. Rae1 Kg7 19. Nb5 Qxd5 20. Nc7
Qxb3 21. axb3 Rac8 22. Ne8+ Rxe8 23. Rxe8 Rc7 24. g3 Nc8 25. R8e3 Nd6 26. Rc3
Rd7 27. Ne5 Re7 28. Rd1 Nb5 29. Re3 Nxd4 30. Rxd4 Bxe5 31. Rd5 f6 32. Kg2 Rc7
33. Re2 f4 34. Red2 Rc6 35. Rd7+ Kh6 1-0

[Event "12. Nordic Cup"]
[Site "Aabybro "]
[Date "1989.10.??"]
[Round "1.5"]
[White "Hoeiberg, Nina "]
[Black "Berg, Tine "]
[Result "1/2-1/2"]
[WhiteElo "2195"]
[BlackElo "2095"]
[PlyCount "136"]
[EventDate "1989.10.15"]
[EventType "team"]
[EventCountry "DEN"]
[WhiteTeam "Danmark"]
[BlackTeam "Frerne"]
[WhiteTeamCountry "DEN"]
[BlackTeamCountry "FAI"]

1. e4 e6 2. d3 d5 3. Nd2 Nf6 4. Ngf3 b6 5. e5 Nfd7 6. d4 c5 7. c3 Ba6 8. Bxa6
Nxa6 9. O-O Be7 10. Re1 O-O 11. Nf1 cxd4 12. Nxd4 Qc7 13. Qh5 g6 14. Qe2 Nac5
15. Bh6 Rfe8 16. Nd2 Bf8 17. Bxf8 Nxf8 18. f4 a6 19. c4 f6 20. Rac1 fxe5 21.
fxe5 Qg7 22. b4 Ncd7 23. c5 bxc5 24. bxc5 Rec8 25. N2b3 Qe7 26. c6 Nb8 27. Qd2
a5 28. Kh1 Qb4 29. Qxb4 axb4 30. Re2 g5 31. g3 h6 32. Kg2 Ra6 33. Nc5 Rb6 34.
Nd7 Nbxd7 35. cxd7 Rd8 36. Rc8 Rxd7 37. Nc6 Kg7 38. Rb2 d4 39. Nxb4 d3 40. Rc1
d2 41. Rd1 Ng6 42. Nd3 Rxb2 43. Nxb2 Nxe5 44. Kf2 Ng4+ 45. Ke2 Nxh2 46. a4 Ng4
47. Rxd2 Ra7 48. Rd4 Ne5 49. Rb4 Kf6 50. Ke3 h5 51. Nd1 Nc6 52. Rb6 Ne7 53. Nc3
Ra5 54. Rb5 Nf5+ 55. Kd3 Rxb5 56. axb5 Ke7 57. Ne4 h4 58. b6 Kd7 59. g4 Ne7 60.
Nxg5 Kc6 61. Nxe6 h3 62. Nd4+ Kxb6 63. Nf3 Kc5 64. Ke2 Kd5 65. Ke3 Ng6 66. Nh2
Ke5 67. Nf3+ Kf6 68. Kf2 Ne5 1/2-1/2

[Event "12. Nordic Cup"]
[Site "Aabybro "]
[Date "1989.10.??"]
[Round "1.6"]
[White "Olsen, Heini "]
[Black "Sorensen, Jan "]
[Result "0-1"]
[WhiteElo "2205"]
[BlackElo "2335"]
[PlyCount "82"]
[EventDate "1989.10.15"]
[EventType "team"]
[EventCountry "DEN"]
[WhiteTeam "Frerne"]
[BlackTeam "Danmark"]
[WhiteTeamCountry "FAI"]
[BlackTeamCountry "DEN"]

1. d4 Nf6 2. Nf3 g6 3. c4 c5 4. e3 Bg7 5. Nc3 O-O 6. Be2 cxd4 7. exd4 d5 8. O-O
Nc6 9. Be3 b6 10. Ne5 Bb7 11. Bf3 Na5 12. cxd5 Nxd5 13. Nxd5 Bxd5 14. Rc1 f6
15. Nd3 e5 16. Nb4 Bxf3 17. Qxf3 exd4 18. Rfd1 f5 19. Nc6 Nxc6 20. Qxc6 Rc8 21.
Qe6+ Kh8 22. Rc4 Qe8 23. Qxe8 Rfxe8 24. Rxc8 Rxc8 25. Bf4 Kg8 26. Kf1 Kf7 27.
Rd2 Bf6 28. Ke2 g5 29. Bd6 Ke6 30. Ba3 Kd5 31. Kd3 Be5 32. h3 Rc1 33. f3 Re1
34. Re2 Rxe2 35. Kxe2 Kc4 36. Kd2 Bf4+ 37. Ke2 d3+ 38. Kd1 Kd4 39. Be7 Ke3 40.
g3 Bxg3 41. Bxg5+ Kxf3 0-1

[Event "12. Nordic Cup"]
[Site "Aabybro "]
[Date "1989.10.??"]
[Round "2.1"]
[White "Mortensen, Erling "]
[Black "Brynell, Stellan "]
[Result "1-0"]
[WhiteElo "2475"]
[BlackElo "2485"]
[PlyCount "87"]
[EventDate "1989.10.15"]
[EventType "team"]
[EventCountry "DEN"]
[WhiteTeam "Danmark"]
[BlackTeam "Sverige"]
[WhiteTeamCountry "DEN"]
[BlackTeamCountry "SWE"]

1. e4 e6 2. d3 d5 3. Nd2 Nf6 4. Ngf3 Nc6 5. c3 Be7 6. b4 a6 7. Bb2 O-O 8. Qc2
e5 9. a3 Re8 10. g3 Bf8 11. Bg2 h6 12. O-O dxe4 13. dxe4 Be6 14. Rfd1 Nd7 15.
Nf1 Qc8 16. Ne3 a5 17. Bf1 Ncb8 18. Nc4 a4 19. Nfd2 c6 20. Ne3 b5 21. c4 c5 22.
cxb5 cxb4 23. Qxc8 Rxc8 24. Ndc4 bxa3 25. Bxa3 Bxa3 26. Rxa3 Rc5 27. Rb1 Kf8
28. Nd5 Nf6 29. Ncb6 Bxd5 30. exd5 Ra7 31. d6 Nbd7 32. Nc4 Rc8 33. b6 Ra6 34.
Rb4 Ke8 35. Bh3 Rb8 36. Raxa4 Rxa4 37. Rxa4 Ne4 38. Bxd7+ Kxd7 39. Ra7+ Ke6 40.
Re7+ Kd5 41. Rxe5+ Kd4 42. Re7 f5 43. d7 Nf6 44. Nd6 1-0

[Event "12. Nordic Cup"]
[Site "Aabybro "]
[Date "1989.10.??"]
[Round "2.2"]
[White "Johansson, Jan "]
[Black "Fries Nielsen, Jens Ove"]
[Result "1-0"]
[WhiteElo "2365"]
[BlackElo "2425"]
[PlyCount "75"]
[EventDate "1989.10.15"]
[EventType "team"]
[EventCountry "DEN"]
[WhiteTeam "Sverige"]
[BlackTeam "Danmark"]
[WhiteTeamCountry "SWE"]
[BlackTeamCountry "DEN"]

1. e4 c5 2. Nf3 Nc6 3. d4 cxd4 4. Nxd4 e5 5. Nb5 d6 6. a4 Be7 7. N1c3 a6 8. Na3
Nf6 9. Bg5 Be6 10. Nc4 Nd4 11. Bxf6 Bxf6 12. Ne3 Bg5 13. Ned5 O-O 14. Bd3 Rc8
15. O-O Nc6 16. Qe2 Nd4 17. Qd1 Nc6 18. b3 Kh8 19. Qe1 g6 20. Kh1 Bh6 21. Rd1
Nd4 22. f4 exf4 23. Qf2 Bg7 24. Qxf4 Bxd5 25. Nxd5 Nxc2 26. Bxc2 Rxc2 27. Nb4
Rb2 28. Rxd6 Qe7 29. Nd5 Qe8 30. Rb6 Qc8 31. Qf3 f5 32. Re1 Qd7 33. Qd3 Re8 34.
h3 fxe4 35. Rxe4 Rf8 36. Re1 Rbf2 37. Rbe6 R2f7 38. Qe4 1-0

[Event "12. Nordic Cup"]
[Site "Aabybro "]
[Date "1989.10.??"]
[Round "2.5"]
[White "Hoeiberg, Nina "]
[Black "Borisova, Borislava"]
[Result "1-0"]
[WhiteElo "2195"]
[BlackElo "2180"]
[PlyCount "77"]
[EventDate "1989.10.15"]
[EventType "team"]
[EventCountry "DEN"]
[WhiteTeam "Danmark"]
[BlackTeam "Sverige"]
[WhiteTeamCountry "DEN"]
[BlackTeamCountry "SWE"]

1. e4 e6 2. d4 d5 3. Nc3 Bb4 4. Nge2 dxe4 5. a3 Be7 6. Nxe4 Nd7 7. Be3 Ngf6 8.
N2c3 Nxe4 9. Nxe4 Nf6 10. Bd3 O-O 11. O-O Bd7 12. c4 Bc6 13. f3 a5 14. Qc2 g6
15. b4 axb4 16. axb4 Rxa1 17. Rxa1 Bxb4 18. Nxf6+ Qxf6 19. c5 Qh4 20. Qb2 Be1
21. Kf1 Qxh2 22. Bg1 Qh1 23. Rxe1 Bxf3 24. Re3 Bg4 25. Qxb7 Qh4 26. Qxc7 Qf6+
27. Bf2 Qxd4 28. Qe5 Qd7 29. Be2 Bxe2+ 30. Rxe2 Qd1+ 31. Re1 Qd3+ 32. Kg1 Qd8
33. c6 Qd5 34. Qf6 Re8 35. Bd4 Kf8 36. Qh8+ Ke7 37. Bf6+ Kd6 38. Qxe8 Qc5+ 39.
Kh2 1-0

[Event "12. Nordic Cup"]
[Site "Aabybro "]
[Date "1989.10.??"]
[Round "2.6"]
[White "Sjodahl, Pontus "]
[Black "Sorensen, Jan "]
[Result "1/2-1/2"]
[WhiteElo "2240"]
[BlackElo "2335"]
[PlyCount "99"]
[EventDate "1989.10.15"]
[EventType "team"]
[EventCountry "DEN"]
[WhiteTeam "Sverige"]
[BlackTeam "Danmark"]
[WhiteTeamCountry "SWE"]
[BlackTeamCountry "DEN"]

1. d4 Nf6 2. Bg5 b6 3. Nf3 Bb7 4. Nbd2 g6 5. Bxf6 exf6 6. e3 Bg7 7. Bd3 O-O 8.
c3 Re8 9. Qc2 d6 10. O-O-O Nd7 11. g4 c5 12. Kb1 Rc8 13. Rhe1 c4 14. Bf1 b5 15.
e4 Qb6 16. h4 Re7 17. Re3 Rce8 18. Rde1 Bh6 19. g5 fxg5 20. hxg5 Bg7 21. Nh2 f6
22. f4 f5 23. Bh3 d5 24. e5 b4 25. Bf1 Nf8 26. Nxc4 dxc4 27. Bxc4+ Kh8 28. d5
Rc7 29. b3 bxc3 30. Rxc3 Qd4 31. d6 Rc6 32. Qc1 a5 33. Rd1 Qe4+ 34. Kb2 a4 35.
Qe3 Qxe3 36. Rxe3 axb3 37. axb3 Nd7 38. Nf3 Rb6 39. Nd4 Nxe5 40. fxe5 Rxe5 41.
Ne6 Rxe6+ 42. Ka2 Be4 43. Rxe4 fxe4 44. d7 Ra6+ 45. Bxa6 Rxa6+ 46. Kb1 Ra1+ 47.
Kc2 Ra2+ 48. Kb1 Ra1+ 49. Kc2 Ra2+ 50. Kb1 1/2-1/2

[Event "12. Nordic Cup"]
[Site "Aabybro "]
[Date "1989.10.??"]
[Round "3.1"]
[White "Schmittdiel, Eckhard "]
[Black "Mortensen, Erling "]
[Result "1-0"]
[WhiteElo "2435"]
[BlackElo "2475"]
[PlyCount "121"]
[EventDate "1989.10.15"]
[EventType "team"]
[EventCountry "DEN"]
[WhiteTeam "Tyskland"]
[BlackTeam "Danmark"]
[WhiteTeamCountry "GER"]
[BlackTeamCountry "DEN"]

1. e4 e5 2. Nf3 Nc6 3. Bb5 Nf6 4. O-O Nxe4 5. d4 Nd6 6. Bxc6 dxc6 7. dxe5 Ne4
8. Qe2 Bf5 9. Be3 Bg6 10. Nd4 Bc5 11. Nb3 Bxe3 12. Qxe3 Qe7 13. f3 Nf6 14. f4
Nd5 15. Qf2 Bf5 16. Nd4 Bd7 17. c4 Nb6 18. b3 c5 19. Nf3 Bc6 20. Nc3 O-O-O 21.
Rad1 f6 22. Rfe1 Rxd1 23. Nxd1 f5 24. Ne3 g6 25. Rd1 Rd8 26. Rxd8+ Qxd8 27. h3
Qd3 28. Ng5 h6 29. Ne6 Nd7 30. Kh2 b6 31. Qg3 Qe4 32. h4 g5 33. hxg5 hxg5 34.
Nxg5 Qd3 35. Ne6 Be4 36. Nd5 Qxg3+ 37. Kxg3 c6 38. Nc3 Bd3 39. Kf3 b5 40. cxb5
cxb5 41. Ke3 Bf1 42. g3 b4 43. Nb1 Bh3 44. Nd2 Kb7 45. Ng7 Nb6 46. Nf3 Nd5+ 47.
Kd3 Kc6 48. Ng5 Bg4 49. Nh7 Bh3 50. Nf6 Ne7 51. Nfe8 Bf1+ 52. Kc2 Kd5 53. Nd6
Bh3 54. Kd3 Bf1+ 55. Ke3 Bh3 56. Nge8 Kc6 57. Nf6 Nd5+ 58. Nxd5 Kxd5 59. Kd2 a6
60. Nc4 Kc6 61. Ne3 1-0

[Event "12. Nordic Cup"]
[Site "Aabybro "]
[Date "1989.10.??"]
[Round "3.4"]
[White "Berg, Klaus "]
[Black "Mainka, Romuald"]
[Result "1-0"]
[WhiteElo "2420"]
[BlackElo "2450"]
[PlyCount "83"]
[EventDate "1989.10.15"]
[EventType "team"]
[EventCountry "DEN"]
[WhiteTeam "Danmark"]
[BlackTeam "Tyskland"]
[WhiteTeamCountry "DEN"]
[BlackTeamCountry "GER"]

1. e4 c5 2. Nf3 d6 3. d4 cxd4 4. Nxd4 Nf6 5. Nc3 e6 6. g4 e5 7. Bb5+ Bd7 8.
Bxd7+ Qxd7 9. Nf5 h5 10. f3 hxg4 11. fxg4 Rh3 12. O-O g6 13. Ne3 Be7 14. Ned5
Nxd5 15. Nxd5 Rh4 16. Kh1 Na6 17. Qf3 Rh7 18. Be3 Nc7 19. Nxe7 Qxe7 20. Rad1
Ne6 21. Rf2 b6 22. Rfd2 O-O-O 23. a4 Rdh8 24. Bg1 Rh3 25. Qe2 Kb8 26. a5 Qb7
27. axb6 Nf4 28. bxa7+ Ka8 29. Qc4 Rc8 30. Qa4 f5 31. Rxd6 fxg4 32. Rd8 Rh8 33.
Rxc8+ Rxc8 34. Rd7 g3 35. hxg3 Rh8+ 36. Bh2 Qb6 37. Rd2 Ne6 38. Kg2 Nd4 39. Qc4
Qb7 40. Qd5 Qxd5 41. exd5 Rxh2+ 42. Kxh2 1-0

[Event "12. Nordic Cup"]
[Site "Aabybro "]
[Date "1989.10.??"]
[Round "3.5"]
[White "Trabert, Bettina "]
[Black "Hoeiberg, Nina "]
[Result "0-1"]
[WhiteElo "2200"]
[BlackElo "2195"]
[PlyCount "56"]
[EventDate "1989.10.15"]
[EventType "team"]
[EventCountry "DEN"]
[WhiteTeam "Tyskland"]
[BlackTeam "Danmark"]
[WhiteTeamCountry "GER"]
[BlackTeamCountry "DEN"]

1. Nf3 d6 2. g3 f5 3. Bg2 e5 4. d3 Nf6 5. c4 Nc6 6. Nc3 g6 7. O-O Bg7 8. Rb1 a5
9. a3 O-O 10. b4 axb4 11. axb4 h6 12. Qb3 Kh7 13. e3 g5 14. b5 Ne7 15. Ne1 f4
16. exf4 gxf4 17. gxf4 Nf5 18. Nf3 Rg8 19. Ne2 Nh5 20. fxe5 dxe5 21. Kh1 Nh4
22. Nxh4 Qxh4 23. Be4+ Kh8 24. Ng3 Nf6 25. f3 Bf8 26. Be3 Rxg3 27. Bf2 Nh5 28.
Bg6 Qh3 0-1

[Event "12. Nordic Cup"]
[Site "Aabybro "]
[Date "1989.10.??"]
[Round "4.2"]
[White "Schmidt, Wlodzimierz "]
[Black "Fries Nielsen, Jens Ove"]
[Result "1/2-1/2"]
[WhiteElo "2465"]
[BlackElo "2425"]
[PlyCount "62"]
[EventDate "1989.10.15"]
[EventType "team"]
[EventCountry "DEN"]
[WhiteTeam "Polen"]
[BlackTeam "Danmark"]
[WhiteTeamCountry "POL"]
[BlackTeamCountry "DEN"]

1. Nf3 Nf6 2. c4 d6 3. d4 c6 4. Nc3 Nbd7 5. e4 e5 6. Be2 Be7 7. O-O O-O 8. Re1
a6 9. Bf1 b5 10. a3 Bb7 11. b4 exd4 12. Nxd4 g6 13. Nb3 Rc8 14. Bb2 Ba8 15. a4
bxc4 16. Bxc4 Qb6 17. Ba3 Ne5 18. Bf1 Rcd8 19. Qc2 Bb7 20. Rab1 Bc8 21. a5 Qb8
22. Nd4 Qa7 23. Nb3 Nh5 24. Na4 f5 25. Nb6 fxe4 26. Nxc8 Rxc8 27. Rxe4 Nf6 28.
Re2 Nd5 29. Re4 Nc3 30. Rbe1 Nxe4 31. Rxe4 Bf6 1/2-1/2

[Event "12. Nordic Cup"]
[Site "Aabybro "]
[Date "1989.10.??"]
[Round "4.4"]
[White "Woda, Jacek "]
[Black "Berg, Klaus "]
[Result "0-1"]
[WhiteElo "2385"]
[BlackElo "2420"]
[PlyCount "78"]
[EventDate "1989.10.15"]
[EventType "team"]
[EventCountry "DEN"]
[WhiteTeam "Polen"]
[BlackTeam "Danmark"]
[WhiteTeamCountry "POL"]
[BlackTeamCountry "DEN"]

1. e4 c6 2. d4 d5 3. Nc3 dxe4 4. Nxe4 Nf6 5. Nxf6+ exf6 6. Ne2 Bd6 7. Bf4 O-O
8. Qd2 Na6 9. Ng3 Bxf4 10. Qxf4 Nb4 11. O-O-O Nxa2+ 12. Kb1 Nb4 13. c3 Nd5 14.
Qf3 Be6 15. Bd3 b5 16. Rhe1 Rb8 17. Qh5 g6 18. Qh6 f5 19. Re5 b4 20. Bxf5 Bxf5+
21. Rxf5 f6 22. c4 gxf5 23. Nxf5 Qd7 24. Qh3 Kh8 25. cxd5 cxd5 26. g4 b3 27.
Qh6 Rf7 28. Qf4 Qc7 29. Qxc7 Rxc7 30. Ne3 Rb5 31. Re1 Kg8 32. Nf5 Kf8 33. Nd6
Rb8 34. Nf5 Re8 35. Ne3 Rc2 36. Rf1 Rd2 37. Nxd5 Ree2 38. Nxf6 Rxf2 39. Nxh7+
Kg7 0-1

[Event "12. Nordic Cup"]
[Site "Aabybro "]
[Date "1989.10.??"]
[Round "4.5"]
[White "Hoeiberg, Nina "]
[Black "Sikora Gizynska, Bozena "]
[Result "1-0"]
[WhiteElo "2195"]
[BlackElo "2220"]
[PlyCount "55"]
[EventDate "1989.10.15"]
[EventType "team"]
[EventCountry "DEN"]
[WhiteTeam "Danmark"]
[BlackTeam "Polen"]
[WhiteTeamCountry "DEN"]
[BlackTeamCountry "POL"]

1. e4 c5 2. Nf3 e6 3. b4 b6 4. e5 d5 5. a3 Bb7 6. bxc5 bxc5 7. c3 a5 8. Bd3 Ne7
9. O-O Ba6 10. c4 Nbc6 11. Qa4 Bxc4 12. Bxc4 dxc4 13. Nc3 Qd7 14. Qxc4 Ng6 15.
d4 cxd4 16. Nb5 Rc8 17. Nbxd4 Nxd4 18. Qxd4 Qxd4 19. Nxd4 Nxe5 20. Bd2 Nc4 21.
Rfc1 Kd7 22. Rab1 Bxa3 23. Rb7+ Ke8 24. Rc2 Nd6 25. Rxc8+ Nxc8 26. Bxa5 h5 27.
Nb5 Bf8 28. Rc7 1-0

[Event "12. Nordic Cup"]
[Site "Aabybro "]
[Date "1989.10.??"]
[Round "5.1"]
[White "Hjartarson, Johann "]
[Black "Mortensen, Erling "]
[Result "0-1"]
[WhiteElo "2555"]
[BlackElo "2475"]
[PlyCount "86"]
[EventDate "1989.10.15"]
[EventType "team"]
[EventCountry "DEN"]
[WhiteTeam "Island"]
[BlackTeam "Danmark"]
[WhiteTeamCountry "ISL"]
[BlackTeamCountry "DEN"]

1. e4 c5 2. Nf3 e6 3. d4 cxd4 4. Nxd4 Nf6 5. Nc3 d6 6. Be2 Be7 7. O-O Nc6 8.
Be3 Bd7 9. Nb3 a6 10. a4 Na5 11. Nxa5 Qxa5 12. Qd2 Bc6 13. f4 Qc7 14. Bf3 O-O
15. a5 Nd7 16. Ne2 Nc5 17. Ng3 Rac8 18. b4 Nd7 19. c4 b5 20. axb6 Nxb6 21. Qd4
Na4 22. Ra3 Bd7 23. Be2 Rb8 24. Rb1 Rfc8 25. Qa1 Bf6 26. e5 dxe5 27. Ne4 Be7
28. Rxa4 Bxa4 29. Qxa4 exf4 30. Bf2 Qe5 31. Bd3 Rd8 32. Qc2 Rxb4 33. Rxb4 Bxb4
34. c5 Qa1+ 35. Bf1 Rd1 36. Qc4 Rc1 37. Qd3 Rd1 38. Qc4 Rc1 39. Qd3 h6 40. g4
fxg3 41. Nxg3 Bxc5 42. Bxc5 Rxc5 43. Qd7 g6 0-1

[Event "12. Nordic Cup"]
[Site "Aabybro "]
[Date "1989.10.??"]
[Round "5.3"]
[White "Olafsson, Helgi "]
[Black "Ost Hansen, Jacob"]
[Result "1/2-1/2"]
[WhiteElo "2545"]
[BlackElo "2430"]
[PlyCount "49"]
[EventDate "1989.10.15"]
[EventType "team"]
[EventCountry "DEN"]
[WhiteTeam "Island"]
[BlackTeam "Danmark"]
[WhiteTeamCountry "ISL"]
[BlackTeamCountry "DEN"]

1. d4 Nf6 2. c4 g6 3. Nc3 Bg7 4. e4 d6 5. Bd3 e5 6. d5 a5 7. Nge2 Na6 8. f3 Nh5
9. O-O f5 10. exf5 gxf5 11. f4 e4 12. Bc2 Nf6 13. a3 O-O 14. Rb1 c5 15. dxc6
bxc6 16. h3 Be6 17. Nd4 Qd7 18. Nxe6 Qxe6 19. Ne2 c5 20. Nc3 Rab8 21. Qe2 h5
22. Be3 Nc7 23. Rfd1 Rfd8 24. Na4 Qf7 25. Nc3 1/2-1/2

[Event "12. Nordic Cup"]
[Site "Aabybro "]
[Date "1989.10.??"]
[Round "5.4"]
[White "Berg, Klaus "]
[Black "Arnason, Jon "]
[Result "1/2-1/2"]
[WhiteElo "2420"]
[BlackElo "2520"]
[PlyCount "31"]
[EventDate "1989.10.15"]
[EventType "team"]
[EventCountry "DEN"]
[WhiteTeam "Danmark"]
[BlackTeam "Island"]
[WhiteTeamCountry "DEN"]
[BlackTeamCountry "ISL"]

1. d4 Nf6 2. Nf3 e6 3. e3 b6 4. Bd3 Bb7 5. O-O c5 6. c4 Be7 7. Nc3 cxd4 8. exd4
d5 9. cxd5 Nxd5 10. Ne5 O-O 11. Qg4 Nf6 12. Qg3 Nbd7 13. Nxd7 Qxd7 14. Bh6 Ne8
15. Be3 Nf6 16. Bh6 1/2-1/2

[Event "12. Nordic Cup"]
[Site "Aabybro "]
[Date "1989.10.??"]
[Round "5.6"]
[White "Sorensen, Jan "]
[Black "Stefansson, Hannes Hlifar "]
[Result "1/2-1/2"]
[WhiteElo "2335"]
[BlackElo "2470"]
[PlyCount "63"]
[EventDate "1989.10.15"]
[EventType "team"]
[EventCountry "DEN"]
[WhiteTeam "Danmark"]
[BlackTeam "Island"]
[WhiteTeamCountry "DEN"]
[BlackTeamCountry "ISL"]

1. e4 e6 2. d4 d5 3. Nd2 c5 4. exd5 Qxd5 5. Ngf3 cxd4 6. Bc4 Qd6 7. O-O Nf6 8.
Nb3 Nc6 9. Nbxd4 Nxd4 10. Nxd4 Bd7 11. c3 Qc7 12. Qe2 Bd6 13. h3 Bh2+ 14. Kh1
Bf4 15. Bxf4 Qxf4 16. Bb5 O-O 17. Bxd7 Nxd7 18. Rad1 Nc5 19. Nb3 Nxb3 20. axb3
Rad8 21. Rxd8 Rxd8 22. Rd1 Rxd1+ 23. Qxd1 g6 24. Kg1 Qe4 25. b4 Kf8 26. b5 Qd5
27. Qe2 h5 28. c4 Qd4 29. Qc2 Ke7 30. Qb3 Ke8 31. Qa4 Kd8 32. Qa3 1/2-1/2

[Event "12. Nordic Cup"]
[Site "Aabybro "]
[Date "1989.10.??"]
[Round "6.1"]
[White "Mortensen, Erling "]
[Black "Westerinen, Heikki "]
[Result "1/2-1/2"]
[WhiteElo "2475"]
[BlackElo "2435"]
[PlyCount "38"]
[EventDate "1989.10.15"]
[EventType "team"]
[EventCountry "DEN"]
[WhiteTeam "Danmark"]
[BlackTeam "Finland"]
[WhiteTeamCountry "DEN"]
[BlackTeamCountry "FIN"]

1. e4 d5 2. exd5 Qxd5 3. Nc3 Qa5 4. d4 Nf6 5. Nf3 Bf5 6. Bc4 e6 7. Bd2 c6 8.
Qe2 Bb4 9. O-O-O Nbd7 10. Nh4 Bg4 11. f3 Bxc3 12. bxc3 Bh5 13. g4 Bg6 14. Bb3
O-O-O 15. c4 Qa3+ 16. Kb1 c5 17. Nxg6 hxg6 18. c3 Kb8 19. Bf4+ Ka8 1/2-1/2

[Event "12. Nordic Cup"]
[Site "Aabybro "]
[Date "1989.10.??"]
[Round "6.2"]
[White "Rantanen, Yrjo "]
[Black "Fries Nielsen, Jens Ove"]
[Result "1/2-1/2"]
[WhiteElo "2380"]
[BlackElo "2425"]
[PlyCount "66"]
[EventDate "1989.10.15"]
[EventType "team"]
[EventCountry "DEN"]
[WhiteTeam "Finland"]
[BlackTeam "Danmark"]
[WhiteTeamCountry "FIN"]
[BlackTeamCountry "DEN"]

1. e4 g6 2. d4 Bg7 3. Nc3 c6 4. h3 d5 5. Nf3 Nh6 6. Be2 O-O 7. O-O f6 8. Re1
Nf7 9. Bf1 e6 10. b3 Re8 11. Bb2 Nd7 12. Qe2 Nf8 13. Rad1 b6 14. Nb1 Bb7 15. c4
Nd7 16. Nc3 Nd6 17. Qc2 dxe4 18. Nxe4 Nxe4 19. Qxe4 Qc7 20. h4 c5 21. Qe3 a6
22. Rd2 cxd4 23. Qxd4 Nc5 24. Qd6 Rac8 25. Qxc7 Rxc7 26. Rd6 Rc6 27. Red1 e5
28. Ne1 Bf8 29. Rxc6 Bxc6 30. Nc2 Ne6 31. Ne3 Kf7 32. g3 Bc5 33. Nd5 Rd8
1/2-1/2

[Event "12. Nordic Cup"]
[Site "Aabybro "]
[Date "1989.10.??"]
[Round "6.3"]
[White "Ost Hansen, Jacob"]
[Black "Kekki, Petri "]
[Result "1/2-1/2"]
[WhiteElo "2430"]
[BlackElo "2325"]
[PlyCount "65"]
[EventDate "1989.10.15"]
[EventType "team"]
[EventCountry "DEN"]
[WhiteTeam "Danmark"]
[BlackTeam "Finland"]
[WhiteTeamCountry "DEN"]
[BlackTeamCountry "FIN"]

1. g3 Nf6 2. Bg2 d5 3. Nf3 g6 4. c4 Bg7 5. cxd5 Nxd5 6. O-O O-O 7. Nc3 Nb6 8.
d3 Nc6 9. Be3 h6 10. Rc1 e5 11. a3 Nd4 12. Ne4 Be6 13. Nc5 Bd5 14. Bxd4 exd4
15. Nd2 Bxg2 16. Kxg2 Qd5+ 17. Kg1 h5 18. Qb3 Bh6 19. Rc2 Bxd2 20. Qxd5 Nxd5
21. Rxd2 b6 22. Na6 Rac8 23. Rc1 c5 24. Rc4 Nc7 25. Nxc7 Rxc7 26. b4 Rfc8 27.
bxc5 bxc5 28. Rb2 Kf8 29. Kg2 Ke7 30. Kf3 Kd6 31. Rb5 Rc6 32. e3 dxe3 33. fxe3
1/2-1/2

[Event "12. Nordic Cup"]
[Site "Aabybro "]
[Date "1989.10.??"]
[Round "6.4"]
[White "Sorri, Juhani "]
[Black "Berg, Klaus "]
[Result "1/2-1/2"]
[WhiteElo "2300"]
[BlackElo "2420"]
[PlyCount "106"]
[EventDate "1989.10.15"]
[EventType "team"]
[EventCountry "DEN"]
[WhiteTeam "Finland"]
[BlackTeam "Danmark"]
[WhiteTeamCountry "FIN"]
[BlackTeamCountry "DEN"]

1. d4 d6 2. Nf3 Bg4 3. g3 Bxf3 4. exf3 g6 5. Bg2 Bg7 6. c3 Nd7 7. Nd2 e6 8. Nb3
d5 9. Bf4 Ne7 10. Qd2 Rc8 11. O-O O-O 12. Rfe1 c5 13. dxc5 Nxc5 14. Nxc5 Rxc5
15. Be3 Rc6 16. f4 Nf5 17. Qe2 a6 18. Rad1 b5 19. a3 Qc7 20. Bf1 Rc8 21. Qf3
Nd6 22. Bd4 Bxd4 23. Rxd4 Nc4 24. Bxc4 Rxc4 25. Rxc4 Qxc4 26. Rd1 Qa2 27. Rd2
Qb1+ 28. Kg2 Rc4 29. Qd1 Qxd1 30. Rxd1 f6 31. Rd4 Kf7 32. Kf3 Ke7 33. Ke2 Kd6
34. Rd1 a5 35. Kd3 a4 36. f3 g5 37. fxg5 fxg5 38. Rf1 e5 39. Rf2 h5 40. Rf1 Rc8
41. Ke3 Rf8 42. f4 exf4+ 43. gxf4 g4 44. Kd4 Rf5 45. Ke3 Kc5 46. Kd3 Kc6 47.
Ke3 Kd7 48. Kd4 Kd6 49. Ke3 Rf8 50. Kd4 h4 51. f5 g3 52. hxg3 hxg3 53. f6 g2
1/2-1/2

[Event "12. Nordic Cup"]
[Site "Aabybro "]
[Date "1989.10.??"]
[Round "6.6"]
[White "Manninen, Marko "]
[Black "Sorensen, Jan "]
[Result "0-1"]
[WhiteElo "2225"]
[BlackElo "2335"]
[PlyCount "86"]
[EventDate "1989.10.15"]
[EventType "team"]
[EventCountry "DEN"]
[WhiteTeam "Finland"]
[BlackTeam "Danmark"]
[WhiteTeamCountry "FIN"]
[BlackTeamCountry "DEN"]

1. d4 Nf6 2. Bg5 b6 3. Nd2 Bb7 4. e3 g6 5. Ngf3 Bg7 6. Bd3 d5 7. c3 O-O 8. O-O
c5 9. Ne5 Nfd7 10. Nxd7 Qxd7 11. f4 Ba6 12. Bxa6 Nxa6 13. f5 gxf5 14. Qh5 f6
15. Bf4 e6 16. Rf3 Rf7 17. Rh3 Bf8 18. Rf1 Rg7 19. Rff3 Qf7 20. Qh4 Kh8 21.
Rfg3 Rxg3 22. Rxg3 Nb8 23. c4 dxc4 24. Nxc4 Nc6 25. dxc5 bxc5 26. Nd6 Bxd6 27.
Bxd6 Rd8 28. Bxc5 Rd1+ 29. Kf2 Rd2+ 30. Kg1 Rxb2 31. h3 Rc2 32. Bd6 e5 33. a3
Rc4 34. Qh6 Nd8 35. Qf8+ Qxf8 36. Bxf8 Rc7 37. Rf3 Ne6 38. Bh6 Kg8 39. e4 f4
40. Rb3 Kf7 41. Rb8 Kg6 42. Bf8 Nxf8 43. Rxf8 Rc3 0-1

[Event "12. Nordic Cup"]
[Site "Aabybro "]
[Date "1989.10.??"]
[Round "7.1"]
[White "Oestenstad, Berge "]
[Black "Mortensen, Erling "]
[Result "0-1"]
[WhiteElo "2430"]
[BlackElo "2475"]
[PlyCount "156"]
[EventDate "1989.10.15"]
[EventType "team"]
[EventCountry "DEN"]
[WhiteTeam "Norge"]
[BlackTeam "Danmark"]
[WhiteTeamCountry "NOR"]
[BlackTeamCountry "DEN"]

1. d4 Nf6 2. Nf3 g6 3. c4 Bg7 4. Nc3 O-O 5. e4 d6 6. h3 e5 7. dxe5 dxe5 8. Qxd8
Rxd8 9. Bg5 Nbd7 10. O-O-O Rf8 11. Be3 c6 12. Bd3 Re8 13. a3 Bf8 14. Na4 Nh5
15. Bc2 Nf4 16. g3 Ne6 17. Kb1 f6 18. Rd2 c5 19. Nc3 Nb6 20. Nd5 Kg7 21. Bd3
Nxd5 22. exd5 Nd4 23. Ng1 Nf5 24. Bxf5 Bxf5+ 25. Ka1 a6 26. Ne2 Bd7 27. Nc3 b5
28. b3 Rac8 29. h4 f5 30. h5 Bd6 31. f3 e4 32. f4 g5 33. Ne2 g4 34. Rc2 bxc4
35. bxc4 Rb8 36. Rb2 Rxb2 37. Kxb2 Rb8+ 38. Ka2 Ba4 39. Nc1 Be7 40. Rh2 Kf7 41.
Rd2 Rb6 42. d6 Bxd6 43. Rd5 Kf6 44. Bxc5 Bxc5 45. Rxc5 Rd6 46. Ra5 Bd1 47. c5
Re6 48. Kb2 e3 49. Nd3 Bf3 50. Kc3 e2 51. Kd2 Ke7 52. Ne1 Rc6 53. Ra4 Rh6 54.
Ra5 Rxh5 55. Rxa6 Rh3 56. Ke3 Rxg3 57. Ra7+ Ke6 58. Rxh7 Be4+ 59. Kxe2 Rxa3 60.
Rh6+ Kd5 61. c6 Rc3 62. Rh8 Rxc6 63. Rd8+ Rd6 64. Rb8 Ra6 65. Rd8+ Ke6 66. Rd2
Kf6 67. Kf2 Ra3 68. Rd6+ Kg7 69. Rd7+ Kh6 70. Rd8 g3+ 71. Kf1 Ra1 72. Ke2 Ra2+
73. Ke3 Ra3+ 74. Ke2 Kh5 75. Rg8 Kh4 76. Kf1 Ra1 77. Ke2 Kh3 78. Rg7 Kh2 0-1